| 000 | 02300cam a22004577a 4500 | ||
|---|---|---|---|
| 001 | data | ||
| 005 | 20260322212101.0 | ||
| 008 | data | ||
| 035 | _a19237685 | ||
| 906 |
_a7 _bcbc _ccopycat _d2 _encip _f20 _gy-gencatlg |
||
| 925 | 0 |
_aacquire _b2 shelf copies _xSel/ddw, 2016-08-19 |
|
| 955 | _trl02 2019-05-10 copy 2 to CALM | ||
| 010 | _a 2016285125 | ||
| 016 | 7 |
_a101684536 _2DNLM |
|
| 020 |
_a9781444179941 _qpack-book and ebook : alk. paper |
||
| 020 |
_a1444179942 _qpack-book and ebook : alk. paper |
||
| 035 | _a(OCoLC)812255685 | ||
| 040 |
_aNLM _beng _cNLM _dDLC _dYDXCP _dWSU _dOCLCF _dDLC |
||
| 042 |
_alccopycat _alccopycat |
||
| 050 | 0 | 0 |
_aRC1062 _b.A95 2016 |
| 060 | 0 | 0 |
_aWD 700 _bE71 2016 |
| 245 | 0 | 0 |
_aErnsting's aviation and space medicine / _cedited by Professor David P. Gradwell, Professor of Aerospace Medicine, King's College London, Honorary Consultant in Aviation Medicine, Guy & St Thomas' NHS Foundation Trust, King's Health Partners, and Civilian Consultant Advisor in Aviation Medicine (Royal Air Force) and Air Commodore David J. Rainford, Retired Consultant Physician and Consultant Adviser in Renal Disease (Royal Air Force), previously, Defense Postgraduate Medical Dean, Consultant Physician to the UK Civil Aviation Authority and Senior Consultant Adviser in Medicine to the Royal Air Force of Oman. |
| 246 | 1 | _aAviation and space medicine | |
| 250 | _aFifth edition. | ||
| 264 | 1 |
_aBoca Raton, FL : _bCRC Press, Taylor & Francis Group, _c[2016] |
|
| 264 | 4 | _c©2016 | |
| 300 |
_axxi, 904 pages : _billustrations ; _c29 cm |
||
| 336 |
_atext _btxt _2rdacontent |
||
| 337 |
_aunmediated _bn _2rdamedia |
||
| 338 |
_avolume _bnc _2rdacarrier |
||
| 500 | _aRev. ed. of: Ernsting's aviation medicine / David J. Rainford, David P. Gradwell. 4th ed. 2006. | ||
| 504 | _aIncludes bibliographical references and index. | ||
| 650 | 0 | _aAviation medicine. | |
| 650 | 0 | _aSpace medicine. | |
| 650 | 1 | 2 | _aAerospace Medicine |
| 650 | 7 |
_aAviation medicine. _2fast _0(OCoLC)fst00824365 |
|
| 650 | 7 |
_aSpace medicine. _2fast _0(OCoLC)fst01127762 |
|
| 700 | 1 |
_aRainford, D. _q(David), _eeditor. |
|
| 700 | 1 |
_aGradwell, David P., _eeditor. |
|
| 991 |
_br-SciRR _hRC1062 _i.A95 2016 _tCopy 1 |
||
| 999 |
_c1464 _d1464 |
||